মাওলানা আকরাম খাঁ / (Record no. 71121)
[ view plain ]
| 000 -LEADER | |
|---|---|
| fixed length control field | 00937nam a22002297a 4500 |
| 001 - CONTROL NUMBER | |
| control field | 71121 |
| 003 - CONTROL NUMBER IDENTIFIER | |
| rucl marc code | BD-RjUL |
| 005 - DATE AND TIME OF LATEST TRANSACTION | |
| control field | 20211209082059.0 |
| 008 - FIXED-LENGTH DATA ELEMENTS--GENERAL INFORMATION | |
| fixed length control field | 170426s1986 bg a|||| |||| 000 1dben d |
| 035 ## - SYSTEM CONTROL NUMBER | |
| System control number | (BD-RjUL)71336 |
| 040 ## - CATALOGING SOURCE | |
| Original cataloging agency | BD-RjUL |
| Language of cataloging | ben |
| Transcribing agency | BD-RjUL |
| Modifying agency | BD-RjUL |
| 041 ## - LANGUAGE CODE | |
| Language code of text/sound track or separate title | ben |
| 082 ## - DEWEY DECIMAL CLASSIFICATION NUMBER | |
| Edition number | 23 |
| Classification number | 297.61 |
| Author mark and year | MAW 1986 |
| 245 ## - TITLE STATEMENT | |
| Title | মাওলানা আকরাম খাঁ / |
| Statement of responsibility, etc. | সিকানদার আবু জাফর |
| 260 ## - PUBLICATION, DISTRIBUTION, ETC. (IMPRINT) | |
| Place of publication, distribution, etc. | ঢাকা : |
| Name of publisher, distributor, etc. | বাংলা একাডেমী, |
| Date of publication, distribution, etc. | ১৯৯৯. |
| 300 ## - PHYSICAL DESCRIPTION | |
| Pagination | ৭১১ পৃ. : |
| Illustrations | চিত্র, |
| Size | ২২ সেমি. |
| 500 ## - GENERAL NOTE | |
| General note | নির্ঘ্নন্ট সংযুক্ত |
| 600 ## - SUBJECT ADDED ENTRY--PERSONAL NAME | |
| Personal name | খাঁ ,মাওলানা আকরাম |
| Dates associated with a name | ১৮৬৮-১৯৬৮ |
| General subdivision | জীবনী |
| Personal name | Khan, Maulana Akram |
| Dates associated with a name | 1868-1968 |
| General subdivision | Biography |
| 700 ## - ADDED ENTRY--PERSONAL NAME | |
| Personal name | জাফর, সিকানদার আবু |
| 942 ## - ADDED ENTRY ELEMENTS (KOHA) | |
| Source of classification or shelving scheme | Dewey Decimal Classification |
| Koha item type | Books |
| Lost status | Source of classification or shelving scheme | Damaged status | Not for loan | Collection code | Permanent Location | Current Location | Shelving location | Date acquired | Source of acquisition | Cost, normal purchase price | Total Checkouts | Full call number | Date last seen | Copy number | Koha item type |
|---|---|---|---|---|---|---|---|---|---|---|---|---|---|---|---|
| Dewey Decimal Classification | Not For Loan | Non-fiction | Central Library, University of Rajshahi | Central Library, University of Rajshahi | Reading Room | 04/03/1996 | Islamik foundation | 120.00 | B 297.61 MAW 1986 | 26/04/2017 | C-1 | Books |